CAMMINO DI DIO CON L'UOMO (IL) - IL TEMPO DEI PROFETI (Record n. 104578)

Dettagli MARC
000 -LEADER
fixed length control field 02469agaaa2200325 4500
001 - CONTROL NUMBER
control field 4118
003 - CONTROL NUMBER IDENTIFIER
control field IT-RoPAU
005 - DATE AND TIME OF LATEST TRANSACTION
control field 20220918181222.0
007 - PHYSICAL DESCRIPTION FIXED FIELD--GENERAL INFORMATION
fixed length control field d cvaizq
008 - FIXED-LENGTH DATA ELEMENTS--GENERAL INFORMATION
fixed length control field 50131s9999||||xx ||| | || ||und||
040 ## - CATALOGING SOURCE
Original cataloging agency IT-RoPAU
Transcribing agency IT-RoPAU
041 ## - LANGUAGE CODE
Language code of text/sound track or separate title ITALIANO
100 ## - MAIN ENTRY--PERSONAL NAME
Personal name Di Diodato Roberto
Miscellaneous information Codice regista SPICS: 55765
9 (RLIN) 36491
130 ## - MAIN ENTRY--UNIFORM TITLE
Uniform title CAMMINO DI DIO CON L'UOMO (IL) - IL TEMPO DEI PROFETI
9 (RLIN) 36492
245 ## - TITLE STATEMENT
Title CAMMINO DI DIO CON L'UOMO (IL) - IL TEMPO DEI PROFETI
Statement of responsibility, etc. Prodotto da: Telenova-Sat2000-Ita -- Sceneggiatura: Gianantonio Borgonovo, Primo Gironi -- Diretto da: Di Diodato Roberto
Name of part/section of a work CAMMINO DI DIO CON L'UOMO (IL) - IL TEMPO DEI PROFETI (Rif. Codice opera principale : H4118)
250 ## - EDITION STATEMENT
Edition statement Edizione Standard
260 ## - PUBLICATION, DISTRIBUTION, ETC. (IMPRINT)
Place of publication, distribution, etc. MILANO (ITALIA)
Name of publisher, distributor, etc. MULTIMEDIA SAN PAOLO /
Date of manufacture "2003 (1° ed.: 2003 ; Ed. Lingua Orig.: 2003)"
300 ## - PHYSICAL DESCRIPTION
Extent VHS
Other physical details sonoro, col.
Dimensions 55 minuti
508 ## - CREATION/PRODUCTION CREDITS NOTE
Creation/production credits note "Fotografia: Soetje Russo Melis; Montaggio: Maurizio Alba; Musica: AA.VV. ; Sceneggiatura: Gianantonio Borgonovo, Primo Gironi; Soggetto: Borgonovo Gianantonio -- Gironi Primo"
520 ## - SUMMARY, ETC.
Summary, etc. """IL CAMMINO DI DIO CON L'UOMO"" E' LA PIU' RECENTE E APPROFONDITA INDAGINE SULLE PAGINE PIU' DIFFICILI E MENO CONOSCIUTE DELL'ANTICO TESTAMENTO. UNA SPECIE DI GRANDE QUARK CHE INTENDE AVVICINARE LA GENTE ALLA PAROLA DI DIO PER FARNE SCOPRIRE IL FASCINO ETERNO E MISTERIOSO. LE IMMAGINI SONO STATE GIRATE NEI LUOGHI PIU' IMPORTANTI E NEI SITI ARCHEOLOGICI PIU' ANTICHI E SUGGESTIVI DEL VICINO ANTICO ORIENTE. EPISODI DI QUESTA CASSETTA N.35: 1. IL PROFETISMO BIBLICO; 2. IL PROFETISMO NELL'AMBIENTE DELLE CIVILTA' MEDIORIENTALI; 3. IL ""CICLO"" ELIA E I ""FIORETTI"" DI ELISEO; 4. I PROFETI SCRITTORI; 5. AMOS CONTRO I RICCHI; 6. IL SIMBOLISMO NUZIALE DI OSEA; 7. I TRE ISAIA; 8. IL DRAMMA DI GEREMIA; 9. IL SIGNIFICATO DELL'ESILIO BABILONESE; 10. ESDRA ENEEMIA. FILM A COLORI, DISTRIBUITO DA MULTIMEDIA SAN PAOLO."
538 ## - SYSTEM DETAILS NOTE
System details note PAL, STEREO
546 ## - LANGUAGE NOTE
Language note ITALIANO
650 ## - SUBJECT ADDED ENTRY--TOPICAL TERM
Topical term or geographic name as entry element DOCUMENTARIO
Relator term FILMS [VHS]
General subdivision Codice MATERIA SPICS: 9960
9 (RLIN) 34095
700 ## - ADDED ENTRY--PERSONAL NAME
Personal name AA.VV.
Relator term (musica)
Miscellaneous information Codice Musica SPICS: 12000
9 (RLIN) 36493
700 ## - ADDED ENTRY--PERSONAL NAME
Personal name Borgonovo Gianantonio
Relator term (soggetto)
Miscellaneous information Codice Soggetto SPICS: 57465
9 (RLIN) 36494
700 ## - ADDED ENTRY--PERSONAL NAME
Personal name Di Diodato Roberto
Relator term (regista)
Miscellaneous information Codice regista SPICS: 55765
9 (RLIN) 36495
700 ## - ADDED ENTRY--PERSONAL NAME
Personal name Gironi Primo
Relator term (soggetto)
Miscellaneous information Codice Soggetto 2° SPICS: 34827
9 (RLIN) 36496
700 ## - ADDED ENTRY--PERSONAL NAME
Personal name Giuliani Stefania
Relator term (regista)
Miscellaneous information Codice secondo regista SPICS: 57464
9 (RLIN) 36497
942 ## - ADDED ENTRY ELEMENTS (KOHA)
Koha item type VHS - VIDEO
Source of classification or shelving scheme Dewey Decimal Classification
Dati di copia
Withdrawn status Lost status Damaged status Not for loan Home library Current library Date acquired Total Checkouts Full call number Date last seen Price effective from Koha item type Public note
    Buone Condizioni Not For Loan SPICS-MEDIATECA SPICS-MEDIATECA 31/01/2015   H4118 31/01/2015 31/01/2015 VHS - VIDEO Progr. Ins.: 3108 / N.Vol.:1 / Copie: 1 / Pag.:0 / Copia rara: n.d. / date import: 1.2.2015 / By Epidotti, Trombetti, Vaglietti
CREDITS: SOCIETA' SAN PAOLO Via A.Severo, 58 - ROMA (RM) & PERIODICI SAN PAOLO SRL Via Giotto, 36 MILANO & CISF Via Giotto, 36 MILANO & EDIZIONI SAN PAOLO SRL,  Piazza Soncino, 5 CINISELLO BALSAMO (MI) -- ITALY